Breviarium Romanum (Registro nro. 86858)

Detalles MARC
000 -ENCABEZADO
Número de control [NR] 00713nam a22002297a 4500
008 - DE LONGITUD FIJA DE DATOS DE ELEMENTOS - INFORMACIÓN GENERAL
Elementos de longitud fija [NR] 130821s1936 gw gr ger
040 ## - FUENTE DE CATALOGACION [NR]
Agencia de catalogación original [NR] Co-BoUCM
Idioma de catalogación [NR] spa
041 00 - CODIGO DE IDIOMA [R]
Código de idioma para texto/pista de sonido o título separado [R] Alemán
245 00 - MENCION DE TITULO [NR]
Título [NR] Breviarium Romanum
250 ## - MENCION DE EDICION [NR]
Mención de edición [NR] 4a. ed.
260 ## - PUBLICACION, DISTRIBUCION, ETC. (PIE DE IMPRENTA) [R]
Lugar de publicación, distribución, etc. [R] Ratisbona (Baviera, Alemania)
Nombre del editor, distribuidor, etc. [R] Sumptius typis Friderici pusted
Fecha de publicación, distribución, etc. [R] 1936
300 ## - DESCRIPCION FISICA [R]
Extensión [R] 1 volumen
650 04 - ASIENTO SECUNDARIO DE MATERIA - TERMINO TEMATICO [R]
Término temático o nombre geográfico como elemento de entrada [NR] Breviarios
Subdivisión geográfica [R] Roma
9 (RLIN) 10214
650 04 - ASIENTO SECUNDARIO DE MATERIA - TERMINO TEMATICO [R]
Término temático o nombre geográfico como elemento de entrada [NR] Devocionarios
9 (RLIN) 13119
650 04 - ASIENTO SECUNDARIO DE MATERIA - TERMINO TEMATICO [R]
Término temático o nombre geográfico como elemento de entrada [NR] Devocionarios
Subdivisión geográfica [R] Roma
9 (RLIN) 13119
650 04 - ASIENTO SECUNDARIO DE MATERIA - TERMINO TEMATICO [R]
Término temático o nombre geográfico como elemento de entrada [NR] Oficio divino
9 (RLIN) 20713
650 04 - ASIENTO SECUNDARIO DE MATERIA - TERMINO TEMATICO [R]
Término temático o nombre geográfico como elemento de entrada [NR] Oficio divino
Subdivisión geográfica [R] Roma
9 (RLIN) 20713
650 04 - ASIENTO SECUNDARIO DE MATERIA - TERMINO TEMATICO [R]
Término temático o nombre geográfico como elemento de entrada [NR] Oración
9 (RLIN) 20789
650 04 - ASIENTO SECUNDARIO DE MATERIA - TERMINO TEMATICO [R]
Término temático o nombre geográfico como elemento de entrada [NR] Oración
Subdivisión geográfica [R] Roma
9 (RLIN) 20789
651 ## - ASIENTO SECUNDARIO DE MATERIA - NOMBRE GEOGRAFICO [R]
Nombre geográfico [NR] Roma (Italia)
9 (RLIN) 27287
942 ## - ELEMENTOS DE ENTRADA AGREGADOS (KOHA)
Tipo de ítem principal el descrito en 300a Libro
Tema principal Religión
Edición 4
Parte restante de la signatura top. B739I
Título oculto en OPAC No
Sistema de clasificación DEWEY
Clasificación 264.027376
Existencias
Signatura topográfica Código de barras Última vez visto Volúmen / Fascículo Ejemplar Price effective from Tipo de ítem Perdido Sistema de clasificación Dañado No prestable Tipo de ítem específico Suprimido Ubicación habitual Ubicación actual Localización Fecha de creación Forma de adquisición Costo Total préstamos
FCS 264.027376 B739I 120000308 06/07/2012 4A.ED. V.1 Ej.2 03/02/2013 Libro   DEWEY     Fondos especiales     Archivo Histórico Archivo histórico 28/02/2003 Donación 1000.00  
FCS 264.027376 B739I 120000309 06/07/2012 4A.ED. V.1 Ej.3 03/02/2013 Libro   DEWEY     Fondos especiales     Archivo Histórico Archivo histórico 28/02/2003 Donación 1000.00  
FCS 264.027376 B739I 120000310 06/07/2012 4A.ED. V.1 Ej.4 03/02/2013 Libro   DEWEY     Fondos especiales     Archivo Histórico Archivo histórico 28/02/2003 Donación 1000.00  
FCS 264.027376 B739I 120000307 15/12/2012 4A.ED. V.1 Ej.1 03/02/2013 Libro   DEWEY     Fondos especiales   Bodega Bodega Préstamo 4 días después de solicitado 28/02/2003 Donación 1000.00